3D Super Mario games - Statistics

General Stats
  • This quiz has been taken 154 times
  • The average score is 8 of 9
Answer Stats
Release date Answer % Correct
1996 Super Mario 64
97%
2004 Super Mario 64 DS
97%
2013 Super Mario 3D World
95%
2021 Super Mario 3D World + Bowser's Fury
95%
2007 Super Mario Galaxy
91%
2002 Super Mario Sunshine
91%
2010 Super Mario Galaxy 2
90%
2017 Super Mario Odyssey
90%
2011 Super Mario 3D Land
89%
No matching quizzes found
Score Distribution
Percent of People with Each Score
Percentile by Number Answered
Your Score History
You have not taken this quiz